000 00508nam a2200181Ia 4500
001 8745
005 20260306160632.0
008 260306t2010||||xx |||||||||||||| ||spa||
041 _aESP
082 _a371.3
_bV72
100 _aViñuelas Bayón, M.ª Isabel,
_eAUT
245 0 _aProyecto de inteligencia "Harvard" :
_btoma de decisiones. Segundo y tercer ciclos (8-12 años). Tutoría
260 _c2010
300 _a36 páginas :
_c27 cm.
650 _aGEN
654 _aCED
942 _cLIB
_dJUS
_fJUS
_2ddc
_n
999 _c8745
_d8745